000 00745cam a22002537a 4500
003 CHAP
005 20220329134712.0
008 971013s1954 r 00010 d
010 _a24466
011 _a25438
035 _a29538
040 _cCHAP
082 _a333.0987
_bI5
110 _aInstituto Agrario Nacional
_959052
245 0 _aAspectos de la reforma agraria en Venezuela
260 _a(Caracas :
_bInstituto Agrario Nacional,
_c(1954)
300 _a52 p.
_b: ilus
590 _aBATCH-UPD
_b10
_c20130110
_lUCH01
_h2255
590 _aCONVERSION
_b10
_c20130109
_lUCH01
_h1314
650 1 4 _aReforma agraria
_xVenezuela.
_995591
901 _aBK
942 _cLIBRO
949 _a333.0987 I5
_bBC
_cLIBRO
_d33724000329728
_eLIBRO
_i29538
_si
999 _c24466
_d24466